00996nam a22002777a 450000500170000001000110001702000100002803500110003803700160004904000120006508200120007710000270008924500860011624600060020226000450020827000360025330000240028950000500031365000290036365000270039265000580041965000340047794200260051199900190053795201620055620170124105921.0 a697623 c50.00 a697623 bCen Lib/Ret aDPLbEN a320.942 aThakurdas, Frank94326 aRecent english political theory :cby Frank Thakurdas band the idea of liberty / b  bThe Minerva Associates c1972aCalcutta  bCalcutta a7-b, lake place e29 axiv, 42p.c21cm(Hb) aIncludes bibliographical references and index aPolitical Sciences 9833 aLiberal Thinking94327 a राजनीतिक विज्ञान94328 a उदार सोच91488 2ddccENh320.942mTHA c123134d123134 04104070aLbLd2015-06-02eCen Lib/Retg50.00l0o320.942 THAp697623r2015-06-02 00:00:00t1v50.00w2015-06-02yENzW/d List No. 6896/4 ; dtd 19/10/2020